GEMS in English & American literature / (Record no. 8809)
[ view plain ]
| 000 -LEADER | |
|---|---|
| fixed length control field | 00736nam a22002417a 4500 |
| 003 - CONTROL NUMBER IDENTIFIER | |
| control field | SISC |
| 005 - DATE AND TIME OF LATEST TRANSACTION | |
| control field | 20160622151458.0 |
| 008 - FIXED-LENGTH DATA ELEMENTS--GENERAL INFORMATION | |
| fixed length control field | 130816t xxu||||| |||| 00| 0 eng d |
| 020 ## - INTERNATIONAL STANDARD BOOK NUMBER | |
| International Standard Book Number | 9710843877 |
| 050 ## - LIBRARY OF CONGRESS CALL NUMBER | |
| Classification number | PS 507 |
| Item number | .M553 2005 |
| 082 ## - DEWEY DECIMAL CLASSIFICATION NUMBER | |
| Classification number | HS 820.9 |
| Item number | G28 2005 |
| 100 ## - MAIN ENTRY--PERSONAL NAME | |
| Personal name | Mercado, Julio F. |
| 9 (RLIN) | 11267 |
| 245 ## - TITLE STATEMENT | |
| Title | GEMS in English & American literature / |
| Statement of responsibility, etc | Mercado, Julio F. ... [et al] |
| 260 ## - PUBLICATION, DISTRIBUTION, ETC. (IMPRINT) | |
| Place of publication, distribution, etc | Mandaluyong City : |
| Name of publisher, distributor, etc | National Book Store, |
| Date of publication, distribution, etc | c2005. |
| 300 ## - PHYSICAL DESCRIPTION | |
| Extent | 456 p. : |
| Other physical details | ill. ; |
| Dimensions | 25 cm. |
| 650 ## - SUBJECT ADDED ENTRY--TOPICAL TERM | |
| Topical term or geographic name as entry element | English literature |
| General subdivision | History and criticism. |
| 9 (RLIN) | 11268 |
| 650 ## - SUBJECT ADDED ENTRY--TOPICAL TERM | |
| Topical term or geographic name as entry element | American literature |
| General subdivision | History and criticism. |
| 9 (RLIN) | 11269 |
| 942 ## - ADDED ENTRY ELEMENTS (KOHA) | |
| Source of classification or shelving scheme | Library of Congress Classification |
| Koha item type | Books |
| Withdrawn status | Lost status | Source of classification or shelving scheme | Damaged status | Home library | Current library | Shelving location | Date acquired | Total Checkouts | Full call number | Barcode | Date last seen | Copy number | Price effective from | Koha item type |
|---|---|---|---|---|---|---|---|---|---|---|---|---|---|---|
| Library of Congress Classification | Luxembourg Library | Luxembourg Library | High School Section | 08/16/2013 | PS 507 .M553 2005 | 14946 | 08/16/2013 | 1 | 08/16/2013 | Books | ||||
| Library of Congress Classification | Luxembourg Library | Luxembourg Library | High School Section | 08/16/2013 | PS 507 .M553 2005 | 14947 | 08/16/2013 | 2 | 08/16/2013 | Books | ||||
| Library of Congress Classification | Luxembourg Library | Luxembourg Library | High School Section | 08/16/2013 | PS 507 .M553 2005 | 14948 | 08/16/2013 | 3 | 08/16/2013 | Books | ||||
| Library of Congress Classification | Luxembourg Library | Luxembourg Library | High School Section | 08/16/2013 | PS 507 .M553 2005 | 14949 | 08/16/2013 | 4 | 08/16/2013 | Books |